Introduction to spectroscopy

সংরক্ষণ করুন:
গ্রন্থ-পঞ্জীর বিবরন
প্রধান লেখক: Pavia
বিন্যাস: গ্রন্থ
ভাষা:Undetermined
বিষয়গুলি:
ট্যাগগুলো: ট্যাগ যুক্ত করুন
কোনো ট্যাগ নেই, প্রথমজন হিসাবে ট্যাগ করুন!
Thư viện lưu trữ: Trung tâm Học liệu Trường Đại học Cần Thơ
LEADER 00381nam a2200145Ia 4500
001 CTU_67154
008 210402s9999 xx 000 0 und d
082 |a 543.0877 
082 |b P338 
100 |a Pavia 
245 0 |a Introduction to spectroscopy 
245 0 |c Pavia and Lampman 
650 |a spectroscopy 
904 |i Minh 
980 |a Trung tâm Học liệu Trường Đại học Cần Thơ